00459nam a2200157Ia 4500008004100000082002000041100002200061245003500083260003400118300002200152365000900174520002400183630003500207650002400242730003500266100920s9999 xx 000 0 und d b27975a6 थ 73 aIndemnity Double. aThree Novels by James M. Cain. bBANTAM BOOKS, NEW YORK.c1973 a399bसाधी b14.5 aई.एल. एफ. aThree Novels by James M. Cain. aई.एल. एफ. aThree Novels by James M. Cain.